Pokémon - Alle Attacken von Pixi - Statistiken

Allgemein
  • Dieses Quiz wurde 4 mal gespielt
  • Das Durchschnittsergebnis liegt bei 43 aus 199
Antwortstatistiken
Typ Kategorie Attacke % Korrekt
Normal Physisch Bodyslam
100%
Normal Status Heuler
100%
Psycho Spezial Psychokinese
100%
Normal Physisch Tackle
100%
Normal Status Anziehung
67%
Eis Spezial Blizzard
67%
Normal Physisch Bodycheck
67%
Elektro Spezial Donner
67%
Elektro Spezial Donnerblitz
67%
Kampf Physisch Durchbruch
67%
Stahl Physisch Eisenschweif
67%
Eis Spezial Eisstrahl
67%
Psycho Status Erholung
67%
Feuer Spezial Feuersturm
67%
Feuer Spezial Flammenwurf
67%
Normal Physisch Frustration
67%
Fee Status Kulleraugen
67%
Psycho Status Lichtschild
67%
Normal Status Metronom
67%
Fee Spezial Mondgewalt
67%
Psycho Spezial Psychoschock
67%
Psycho Status Reflektor
67%
Normal Physisch Rückkehr
67%
Normal Status Schutzschild
67%
Pflanze Spezial Solarstrahl
67%
Feuer Status Sonnentag
67%
Geist Spezial Spukball
67%
Normal Physisch Stärke
67%
Normal Spezial Sternschauer
67%
Gift Status Toxin
67%
Kampf Physisch Zertrümmerer
67%
Normal Status Angeberei
33%
Wasser Spezial Aquawelle
33%
Normal Status Aufbereitung
33%
Normal Status Ausdauer
33%
Normal Physisch Beerenkräfte
33%
Fee Status Bitterkuss
33%
Normal Status Blitz
33%
Normal Status Bodyguard
33%
Normal Status Delegator
33%
Elektro Physisch Donnerschlag
33%
Elektro Status Donnerwelle
33%
Normal Status Doppelteam
33%
Normal Physisch Duplexhieb
33%
Normal Status Einigler
33%
Eis Physisch Eishieb
33%
Psycho Status Fähigkeitstausch
33%
Normal Physisch Fassade
33%
Fee Spezial Feenbrise
33%
Feuer Physisch Feuerschlag
33%
Geist Status Fluch
33%
Kampf Spezial Fokusstoß
33%
Psycho Status Gedankengut
33%
Normal Status Gesang
33%
Normal Physisch Gigastoß
33%
Normal Spezial Hyperstrahl
33%
Normal Physisch Klaps
33%
Normal Status Komprimator
33%
Kampf Physisch Konter
33%
Normal Physisch Kopfnuss
33%
Psycho Status Kosmik-Kraft
33%
Normal Spezial Kraftreserve
33%
Psycho Spezial Kraftvorrat
33%
Boden Spezial Lehmschelle
33%
Psycho Status Magiemantel
33%
Normal Physisch Megahieb
33%
Normal Physisch Megakick
33%
Geist Status Nachtmahr
33%
Normal Status Platscher
33%
Normal Status Psycho-Plus
33%
Psycho Spezial Psystrahl
33%
Psycho Spezial Psywelle
33%
Unlicht Physisch Raub
33%
Wasser Status Regentanz
33%
Normal Physisch Risikotackle
33%
Fee Spezial Säuselstimme
33%
Kampf Status Scanner
33%
Normal Physisch Schädelwumme
33%
Boden Physisch Schaufler
33%
Normal Status Schlafrede
33%
Normal Spezial Schnarcher
33%
Elektro Spezial Schockwelle
33%
Stahl Physisch Sternenhieb
33%
Pflanze Spezial Strauchler
33%
Gestein Status Tarnsteine
33%
Psycho Status Telekinese
33%
Psycho Spezial Traumfresser
33%
Gestein Physisch Walzer
33%
Normal Status Weichei
33%
Normal Spezial Widerhall
33%
Normal Status Wunschtraum
33%
Pflanze Spezial Zauberblatt
33%
Fee Spezial Zauberschein
33%
Kampf Physisch Ableithieb
0%
Unlicht Physisch Abschlag
0%
Psycho Status Amnesie
0%
Käfer Spezial Ampelleuchte
0%
Wasser Spezial Aquaknarre
0%
Pflanze Status Aromakur
0%
Normal Spezial Aufruhr
0%
Normal Status Bauchtrommel
0%
Psycho Status Begrenzer
0%
Normal Status Beschwörung
0%
Normal Physisch Bezirzer
0%
Elektro Spezial Blitzkanone
0%
Wasser Spezial Blubbstrahl
0%
Pflanze Z Brillante Blütenpracht
0%
Fee Status Charme
0%
Fee Spezial Diebeskuss
0%
Flug Physisch Doppelflügel
0%
Normal Dynamax Dyna-Angriff
0%
Feuer Dynamax Dyna-Brand
0%
Gestein Dynamax Dyna-Brocken
0%
Unlicht Dynamax Dyna-Dunkel
0%
Flug Dynamax Dyna-Düse
0%
Boden Dynamax Dyna-Erdstoß
0%
Kampf Dynamax Dyna-Faust
0%
Pflanze Dynamax Dyna-Flora
0%
Eis Dynamax Dyna-Frost
0%
Elektro Dynamax Dyna-Gewitter
0%
Psycho Dynamax Dyna-Kinese
0%
Feuer Z Dynamische Maxiflamme
0%
Geist Dynamax Dyna-Spuk
0%
Stahl Dynamax Dyna-Stahlzacken
0%
Normal Dynamax Dyna-Wall
0%
Fee Dynamax Dyna-Zauber
0%
Feuer Spezial Einäschern
0%
Eis Spezial Eissturm
0%
Fee Z Entzückender Sternenstoß
0%
Psycho Status Erdanziehung
0%
Geist Z Ewige Nacht
0%
Flug Z Finaler Steilflug
0%
Kampf Z Fulminante Faustschläge
0%
Normal Status Galanterie
0%
Normal Physisch Geduld
0%
Normal Physisch Geheimpower
0%
Kampf Physisch Geowurf
0%
Normal Physisch Geschenk
0%
Elektro Z Gigavolt-Funkensalve
0%
Psycho Status Heilblockade
0%
Psycho Status Heilopfer
0%
Psycho Status Heilwoge
0%
Normal Physisch Heimzahlung
0%
Normal Z Hyper-Sprintangriff
0%
Normal Status Imitator
0%
Wasser Spezial Kalte Dusche
0%
Normal Spezial Kanon
0%
Fee Physisch Knuddler
0%
Normal Status Konzentration
0%
Normal Status Kraftschub
0%
Elektro Spezial Ladestrahl
0%
Wasser Status Lebenstropfen
0%
Normal Status Liebreiz
0%
Fee Spezial Lockstimme
0%
Flug Spezial Luftschnitt
0%
Feuer Spezial Magieflamme
0%
Gestein Spezial Meteorstrahl
0%
Normal Status Mimikry
0%
Fee Status Mondschein
0%
Geist Spezial Nachtnebel
0%
Fee Spezial Nebelexplosion
0%
Fee Status Nebelfeld
0%
Normal Physisch Notsituation
0%
Normal Status Offerte
0%
Kampf Physisch Power-Punch
0%
Psycho Z Psycho-Schmetterschlag
0%
Normal Status Rampenlicht
0%
Normal Physisch Raserei
0%
Normal Status Rechte Hand
0%
Psycho Status Rollenspiel
0%
Normal Spezial Schallwelle
0%
Unlicht Physisch Schleuder
0%
Unlicht Z Schwarzes Loch des Grauens
0%
Psycho Spezial Seher
0%
Psycho Status Seitentausch
0%
Normal Status Spaßkanone
0%
Normal Status Spotlight
0%
Flug Physisch Sprungfeder
0%
Normal Status Stafette
0%
Kampf Physisch Steigerungshieb
0%
Wasser Z Super-Wassertornado
0%
Psycho Status Teleport
0%
Normal Spezial Tera-Ausbruch
0%
Eis Z Tobender Geofrost
0%
Psycho Status Trickbetrug
0%
Normal Spezial Triplette
0%
Unlicht Status Trugträne
0%
Stahl Z Turbo-Spiralkombo
0%
Unlicht Status Übernahme
0%
Kampf Physisch Überroller
0%
Normal Status Vertrauenssache
0%
Normal Status Vitalglocke
0%
Kampf Physisch Weckruf
0%
Käfer Z Wirbelnder Insektenhieb
0%
Kampf Physisch Wuchtschlag
0%
Psycho Status Wunderraum
0%
Psycho Physisch Zen-Kopfstoß
0%
Normal Physisch Zuflucht
0%
Normal Status Zugabe
0%
Keine übereinstimmenden Quizze gefunden
Verteilung der Resultate
Anzahl Personen mit jedem Resultat
Perzentil nach korrekt beantworteten Fragen
Ihre Resultats-Entwicklung
Sie haben dieses Quiz noch nicht gespielt